ბათუმის შოთა რუსთაველის სახელმწიფო უნივერსიტეტის ბიბლიოთეკა

აკადემიკოსი ექვთიმე თაყაიშვილი : ცხოვრება და მოღვაწეობა : (ბიბ.ჩანაწერი № 60203)

000 -ლიდერი
ფიქსირებული სიგრძის საკონტროლო ველი 01636nam a22002297a 4500
003 - საკონტროლო ნომრის იდენტიფიკატორი
საკონტროლო ველი Ge_BSU
005 - ბოლო ოპერაციის თარიღი და დრო
საკონტროლო ველი 20230619102945.0
008 - ფიქსირებული სიგრძის მონაცემთა ელემენტები - ზოგადი ინფორმაცია
ფიქსირებული სიგრძის საკონტროლო ველი 230619s1966 ge ||||| |||| 00| 0 geo d
041 ## - ენის კოდი
Language code of text/sound track or separate title geo
080 ## - უნივერსალური ათობითი კლასიფიკაციის ინდექსი
Universal Decimal Classification number 930(479.22)(092) ა-40
245 ## - ცნობა სათაურის შესახებ
Title აკადემიკოსი ექვთიმე თაყაიშვილი : ცხოვრება და მოღვაწეობა :
Remainder of title სტატიების კრებული /
Statement of responsibility, etc [სარედ. კოლ.: ა. აფაქიძე, ნ. ბერძენიშვილი და სხვა]; საქ. სსრ მეცნ. აკად., ისტორიის, არქეოლ., ეთნოგრ. და ფოლკლორის სამეცნ. საზ-ბა.
264 ## - წარმოების, გამოცემის, დისტრიბუციის და სხვა ცნობები
გამოცემის, წარმოების, დისტრიბუციის... ადგილი თბილისი :
გამოცემის, წარმოების, დისტრიბუციის... სახელწოდება მეცნიერება,
გამოცემის, წარმოების, დისტრიბუციის... თარიღი 1966.
300 ## - ფიზიკური აღწერა
Extent 213 გვ. :
Other physical details 1 ფ. პორტრ. ;
Dimensions 26 სმ.
504 ## - BIBLIOGRAPHY, ETC. NOTE
Bibliography, etc ბიბლიოგრ. შენიშვნებში.
653 ## - INDEX TERM--UNCONTROLLED
Uncontrolled term თაყაიშვილი, ექვთიმე
653 ## - INDEX TERM--UNCONTROLLED
Uncontrolled term ქართველი ისტორიკოსები.
700 ## - ADDED ENTRY--PERSONAL NAME
Personal name აფაქიძე, ა.
Relator term ავტორი.
9 (RLIN) 18794
700 ## - ADDED ENTRY--PERSONAL NAME
Personal name ბერძენიშვილი, ნ.
Relator term ავტორი
9 (RLIN) 18795
700 ## - ADDED ENTRY--PERSONAL NAME
Personal name საქ სსრ მეცნიერებათა აკადემია
9 (RLIN) 18796
700 ## - ADDED ENTRY--PERSONAL NAME
Personal name ისტორიის, არქეოლოგიის, ეთნოგრაფიის და ფოლკლორის სამეცნიერო საზოგადოება
9 (RLIN) 18797
942 ## - ADDED ENTRY ELEMENTS (KOHA)
Source of classification or shelving scheme
Koha item type წიგნი
ეგზემპლარები
ჩამოწერის სტატუსი დაკარგული ეგზემპლარის სტატუსი კლასიფიკაციის წყარო ან თაროზე გაწყობის სქემა დაზიანების სტატუსი არ გაიცემა მუდმივი მდებარეობა (დაცვის ადგილი) ამჟამინდელი ადგილსამყოფელი თაროზე განთავსების ადგილი შეძენის თარიღი ღირებულება, შესყიდვის ნორმალური ფასი სრული შენახვის შიფრი შტრიხკოდი ბოლო ოპერაციის თარიღი ეგზემპლარის მიმდევრობითი ნომერი (კეტერი?) Uniform Resource Identifier ფასის ძალაში შესვლის თარიღი ეგზემპლარის სახეობა საჯარო შენიშვნა
          ბათუმის შოთა რუსთაველის სახელმწიფო უნივერსიტეტის მთავარი ბიბლიოთეკა ბათუმის შოთა რუსთაველის სახელმწიფო უნივერსიტეტის მთავარი ბიბლიოთეკა წიგნსაცავი 2023-06-19 8.00 930(479.22)(092) ა-40 64696 2023-06-19 64696 ბსუ-ს საპატიო დოქტორის გურამ ლორთქიფანიძის საჩუქარი 2023-06-19 წიგნი 8 ლ.